| 000 | 00627nam a2200217 a 4500 | ||
|---|---|---|---|
| 001 | BRL_262 | ||
| 005 | 20190320210647.0 | ||
| 008 | 170713s1987----mx-a######---#000-0dspa-# | ||
| 041 | _aspa | ||
| 044 | _amx | ||
| 050 | 4 |
_aF1225.C55 _b.S43 1987 |
|
| 100 | 1 |
_aSebastián, Félix de _923392 |
|
| 245 | 1 | 0 |
_aFrancisco Xavier Clavijero _bestudio Elias Trabulse _cFélix de Sebastián. |
| 260 |
_aMéxico _bNovus Orbis _c1987 |
||
| 300 |
_a37 p. _bil. _c26 cm. |
||
| 500 | _aAu304 | ||
| 600 | 1 | 4 |
_aClavijero, Francisco Xavier _d1731-1787 _923393 |
| 650 | 1 | 4 |
_aHistoriadores _vBiografía _zMéxico _9805 |
| 902 | _aGRL | ||
| 942 |
_2lcc _cB |
||
| 999 |
_c9075 _d9075 |
||